| 000 | 00479nam a22001577a 4500 | ||
|---|---|---|---|
| 005 | 20251108164710.0 | ||
| 008 | 250721s1986 xx 000 0 ara d | ||
| 082 | 1 | 4 | _a614/أسا |
| 100 | 1 | _aكلاين، باربرا | |
| 245 | 1 | 0 |
_aأساسيات التثقيف الصحي : _bدورة حياة المرأة / |
| 264 | 1 |
_aإربد : _bجامعة اليرموك، _c1986. |
|
| 300 | _a326ص : مص | ||
| 650 | 1 | 7 | _aالصحة العامة |
| 942 |
_2ddc _cBK |
||
| 999 |
_c12154 _d12154 |
||